Natural Products As Anticancer Agents.

Natural Products as Anticancer Agents introduces the different types of natural products that have been used for cancer treatment. Divided into four parts, covering anticancer agents derived from terrestrial plants, anticancer agents derived from the marine environment, and anticancer agents derived...

Full description

Bibliographic Details
Main Author: Krishna Banik, Bimal
Corporate Author: ScienceDirect (Online service)
Other Authors: Das, Aparna
Format: eBook
Language:English
Published: San Diego : Elsevier, 2023.
Subjects:
Online Access:Connect to the full text of this electronic book

MARC

Tag First Indicator Second Indicator Subfields
LEADER 00000cam a2200000Mu 4500
001 in00005772402
005 20260327175122.2
006 m o d
007 cr cnu||||||||
008 231125s2023 cau o ||| 0 eng d
040 |a EBLCP  |b eng  |c EBLCP  |d OPELS  |d OCLCO  |d OCLCQ  |d OCLCL  |d YDX 
066 |c (S 
019 |a 1410593470 
020 |a 9780323997119 
020 |a 0323997112 
020 |z 9780323997102 
035 |a (OCoLC)1410592912  |z (OCoLC)1410593470 
050 4 |a RC271.C5 
082 0 4 |a 615.798 
049 |a TXAM 
100 1 |a Krishna Banik, Bimal. 
245 1 0 |a Natural Products As Anticancer Agents. 
260 |a San Diego :  |b Elsevier,  |c 2023. 
300 |a 1 online resource (444 p.) 
336 |a text  |b txt  |2 rdacontent 
337 |a computer  |b c  |2 rdamedia 
338 |a online resource  |b cr  |2 rdacarrier 
500 |a Description based upon print version of record. 
505 8 |a Chapter 2 Anticancer activity of natural compounds from stems/barks of the plants -- 2.1 Introduction -- 2.2 Taxanes -- 2.3 Tannins -- 2.4 Lupeol -- 2.5 Betulin and betulinic acid -- 2.6 Ursolic acid -- 2.7 Amooranin -- 2.8 Skimmianine -- 2.9 Berberine -- 2.10 Quercetin -- 2.11 Apigenin -- 2.12 Conclusion -- Acknowledgment -- References -- Chapter 3 Anticancer activity of natural compounds from roots of the plants -- 3.1 Introduction -- 3.2 Harmine -- 3.3 Licochalcone A -- 3.4 Withaferin A -- 3.5 Panaxadiol -- 3.6 Curcumin -- 3.7 Gingerol -- 3.8 Punarnavine -- 3.9 Isoliquiritigenin 
505 8 |a 3.10 Damnacanthal -- 3.11 Plumbagin -- 3.12 Conclusion -- Acknowledgment -- References -- Chapter 4 Anticancer activity of natural compounds from fruits and vegetables -- 4.1 Introduction -- 4.2 Chrysin -- 4.3 Lycopene -- 4.4 Ferulic acid -- 4.5 Catechins -- 4.6 Ellagic acid -- 4.7 Cyanidin -- 4.8 Silymarin -- 4.9 Gallic acid -- 4.10 Conclusion -- Acknowledgment -- References -- Part 2 Anticancer agents derived from marine environment -- Chapter 5 Anticancer activity of natural compounds from marine animals -- 5.1 Introduction -- 5.2 Didemnins -- 5.3 Ecteinascidins -- 5.4 Psammaplins 
505 8 |a 5.5 Aeroplysinins -- 5.6 Halichondrins -- 5.7 Pelorusides -- 5.8 Variolins -- 5.9 Dolastatins -- 5.10 Kahalalides -- 5.11 Lamellarins -- 5.12 Asterosaponins -- 5.13 Bryostatins -- 5.14 Conclusion -- Acknowledgment -- References -- Chapter 6 Anticancer activity of natural compounds from marine plants -- 6.1 Introduction -- 6.1.1 Seagrass -- 6.1.2 Mangroves -- 6.1.3 Macroalgae (seaweed) -- 6.1.4 Microalgae -- 6.2 Conclusion -- Acknowledgment -- References -- Part 3 Anticancer agents derived from microorganisms -- Chapter 7 Anticancer activity of natural compounds from bacteria -- 7.1 Introduction 
505 8 |a 7.2 Anticancer compounds from bacteria associated with marine organisms -- 7.2.1 Anticancer compounds from bacteria associated with mangroves -- 7.2.2 Anticancer compounds from bacteria associated with fishes and other marine animals -- 7.2.3 Anticancer compounds from bacteria associated with sponges -- 7.2.4 Anticancer compounds from bacteria associated with corals -- 7.2.5 Anticancer compounds from bacteria associated with mollusks -- 7.2.6 Anticancer compounds from bacteria associated with ascidians -- 7.2.7 Anticancer compounds from bacteria associated with other marine substances 
500 |a 7.3 Anticancer compounds from bacteria associated terrestrial plant/environment/soil 
520 |a Natural Products as Anticancer Agents introduces the different types of natural products that have been used for cancer treatment. Divided into four parts, covering anticancer agents derived from terrestrial plants, anticancer agents derived from the marine environment, and anticancer agents derived from microorganisms, as well as evaluation of new anticancer agents, each part includes discussion of the properties, synthesis/extraction, storage, mechanism of action, and usage of the molecules. Discussion of the future prospects in anticancer natural products-including several new trends and an indication of where research in this area is likely to go in the future-is also included. 
650 0 |a Antineoplastic agents. 
650 0 |a Natural products. 
650 6 |a Anticancéreux. 
650 6 |a Produits naturels. 
655 7 |a Electronic books.  |2 local 
700 1 |a Das, Aparna. 
710 2 |a ScienceDirect (Online service) 
776 0 8 |i Print version:  |a Krishna Banik, Bimal  |t Natural Products As Anticancer Agents  |d San Diego : Elsevier,c2023 
856 4 0 |u http://proxy.library.tamu.edu/login?url=https://www.sciencedirect.com/science/book/9780323997102  |z Connect to the full text of this electronic book  |t 0 
880 0 |6 505-00/(S  |a Front cover -- Half title -- Title -- Copyright -- Contents -- Authors biographies -- Preface -- Part 1 Anticancer agents derived from terrestrial plants -- Chapter 1 Anticancer activity of natural compounds from leaves of the plants -- 1.1 Introduction -- 1.2 β-caryophyllene and β-caryophyllene oxide -- 1.2.1 Mechanisms of anticancer activities -- 1.3 Cadinol and related compounds -- 1.4 Eugenol and related compounds -- 1.5 Essential oil from leaves of different plants -- 1.6 Conclusion -- Acknowledgment -- References 
955 |a Elsevier ScienceDirect 2026-2027 
994 |a 92  |b TXA 
999 f f |i 17487164-8d4f-460b-adfa-4f4a7370a9f8  |s 63e37944-7d4d-4943-ad0e-7df6c8f377f5  |t 0 
952 f f |a Texas A&M University  |b College Station  |c Electronic Resources  |s www_evans  |d Available Online  |t 0  |e RC271.C5   |h Library of Congress classification 
998 f f |a RC271.C5   |t 0  |l Available Online